| 000 | 00960nam a2200205Ii 4500 | ||
|---|---|---|---|
| 003 | JO-AjNU | ||
| 008 | 230605s9999||||xx |||||||||||||| ||und|| | ||
| 017 | _a2007/7/2076 | ||
| 040 |
_aJO-AjNU _bara _erda _cJO-AjNU |
||
| 041 | _aara | ||
| 050 | 1 | 4 | _aHV6571.H3722 2007 |
| 100 | 3 |
_aتأليف الحسيناوي، علي جبار صالح, _eauthor _945970 |
|
| 245 | 0 | 0 | _aجرائم الخطف : دراسة مقارنة لقوانين دول كل من الأردن - العراق - فلسطين - لبنان - مصر - ليبيا - فرنسا - الجزائر - تونس - قطر - المغرب - سوريا - سلطنة عمان - السودان |
| 264 | 3 | 1 | _aعمان:المؤلف، 2007 |
| 300 |
_a128ص _bيحتوي على ببلوغرافية من 125-128ص |
||
| 336 |
_atext _btxt _2rdacontent |
||
| 337 |
_aunmediated _bn _2rdamedia |
||
| 338 |
_avolume _bnc _2rdacarrier |
||
| 650 | 4 |
_aجرائم الخطف - قوانين - عالم عربي _945971 |
|
| 999 |
_aA19966 _c23534 _d23534 |
||